Pediatric endocrinology a practical clinical guide
| Main Author: | |
|---|---|
| Format: | Article |
| Language: | Slovak English |
| ISSN: | 1210-0668 1336-0329 |
| Subjects: |
MARC
| LEADER | 00000nab a2200000 a 4500 | ||
|---|---|---|---|
| 001 | vtls008876131 | ||
| 003 | SK-MaSNL | ||
| 005 | 20260304135559.0 | ||
| 008 | 250505c2005 xo 0 slo | ||
| 015 | |a SNBCL2005/5 | ||
| 035 | |a SLK034418 | ||
| 035 | |a (urnnbn)urn:nbn:sk:snk:ar-0063vz | ||
| 035 | |a (uuid)846fe79c-3b70-4d77-b60b-191a6b0f64be | ||
| 035 | |a urn:nbn:sk:snk-ab829z | ||
| 040 | |a SNKBUCL |b slo |c SNKBUCL |e AACR2 | ||
| 041 | 0 | |a eng | |
| 044 | |a xo |c SK | ||
| 080 | |a 616.4-053.2:82-95 |2 1981 | ||
| 100 | 1 | |a Langer, Pavel, |d 1929-2016 |4 rec |9 217874 | |
| 245 | 1 | 0 | |a Pediatric endocrinology |b a practical clinical guide |c Pavel Langer |
| 650 | 0 | 7 | |a choroby endokrinných žliaz |x klasifikácia |2 MESH |9 81911 |
| 650 | 0 | 7 | |a dieťa |2 MESH |9 294563 |
| 650 | 0 | 7 | |a Turnerov syndróm |2 MESH |9 21785 |
| 650 | 0 | 7 | |a diabetes insipidus |2 MESH |9 92546 |
| 655 | 7 | |a recenzie |2 snkbucl |9 21907 | |
| 773 | 0 | |t Endocrine regulations |g Vol. 39, no. 2 (2005), p. 69 |x 1210-0668 |x 1336-0329 | |
| 787 | 0 | 8 | |i Rec.: |a Radovick, Salle |a Mac Gillivray, Margaret H. |t Pediatric endocrinology |d Totowa, New Jersey, USA : Humana Press |
| 850 | |a Slovenská národná knižnica | ||
| 852 | |a Slovenská národná knižnica | ||
| 958 | |a article9 | ||
| 958 | |a OND | ||
| 958 | |a EUIPO | ||
| 999 | |c 2911310 |d 2913240 | ||


